Horizon : Reading for college students

Αποθηκεύτηκε σε:
Λεπτομέρειες βιβλιογραφικής εγγραφής
Κύριος συγγραφέας: Baker, Orville
Μορφή: Βιβλίο
Γλώσσα:Undetermined
Έκδοση: Boston D. C. Health 1963
Θέματα:
Ετικέτες: Προσθήκη ετικέτας
Δεν υπάρχουν, Καταχωρήστε ετικέτα πρώτοι!
Thư viện lưu trữ: Trung tâm Học liệu Trường Đại học Cần Thơ
LEADER 00498nam a2200193Ia 4500
001 CTU_473
008 210402s9999 xx 000 0 und d
082 |a 428.6 
082 |b B168 
100 |a Baker, Orville 
245 0 |a Horizon : 
245 0 |b Reading for college students 
245 0 |c Orville Baker, Donald Murray 
260 |a Boston 
260 |b D. C. Health 
260 |c 1963 
650 |a Reading 
904 |i Minh, 960723 
980 |a Trung tâm Học liệu Trường Đại học Cần Thơ